Southville International School and Colleges
Your cart is empty.
  • Cart
  • Lists
    Public lists Eva Luna New books Lux_list list_1
    Your lists Log in to create your own lists
  • Log in to your account
  • Your cookies
  • Search history
Southville International School and Colleges
  • Advanced search
  • Recent comments
  • Most popular
  • Libraries

Log in to your account

Log in with GOOGLE


If you do not have an external account, but do have a local account, you can still log in:

  1. Home
  2. MARC view: Digital lab :
Normal view MARC view ISBD view

Digital lab : (Record no. 21859)

[ view plain ]
MARC details
000 -LEADER
fixed length control field 00578nam a2200193 a 4500
005 - DATE AND TIME OF LATEST TRANSACTION
control field 20140310183343.0
008 - FIXED-LENGTH DATA ELEMENTS--GENERAL INFORMATION
fixed length control field 070110s19uu xx 00 eng d
020 ## - INTERNATIONAL STANDARD BOOK NUMBER
International Standard Book Number 2880465575
050 ## - LIBRARY OF CONGRESS CALL NUMBER
Classification number HF 5823
Item number .M751 2001
100 ## - MAIN ENTRY--PERSONAL NAME
Personal name Mono
245 ## - TITLE STATEMENT
Title Digital lab :
Remainder of title print & electronic design advertising.
Statement of responsibility, etc Mono
260 ## - PUBLICATION, DISTRIBUTION, ETC. (IMPRINT)
Place of publication, distribution, etc Singapore :
Name of publisher, distributor, etc ProVision Pte. Ltd,
Date of publication, distribution, etc 2001.
300 ## - PHYSICAL DESCRIPTION
Extent 156 p. :
Other physical details ill. col. ;
Dimensions 29 cm.
521 ## - TARGET AUDIENCE NOTE
Target audience note
650 ## - SUBJECT ADDED ENTRY--TOPICAL TERM
Topical term or geographic name as entry element Electronic digital computers
General subdivision Design and construction.
650 ## - SUBJECT ADDED ENTRY--TOPICAL TERM
Topical term or geographic name as entry element Digital electronics.
942 ## - ADDED ENTRY ELEMENTS (KOHA)
Koha item type Books
Source of classification or shelving scheme Library of Congress Classification
Call number prefix Foreign
Holdings
Withdrawn status Lost status Source of classification or shelving scheme Damaged status Home library Current library Shelving location Date acquired Source of acquisition Total Checkouts Full call number Barcode Date last seen Copy number Price effective from Koha item type
    Library of Congress Classification   College Library College Library General Circulation Section 11/14/2013     HF 5823 .M751 2001 C8053 05/15/2018 1 10/10/2013 Books

Digital lab :

APA

Mono, . (2001). Digital lab. Singapore: ProVision Pte. Ltd.

Chicago

Mono, . 2001. Digital lab. Singapore: ProVision Pte. Ltd.

Harvard

Mono, . (2001). Digital lab. Singapore: ProVision Pte. Ltd.

MLA

Mono, . Digital lab. Singapore: ProVision Pte. Ltd. 2001.

  • Place hold
  • Print
  • Cite
  • Add to your cart (remove)
  • Save record
    BIBTEX Dublin Core MARCXML MARC (non-Unicode/MARC-8) MARC (Unicode/UTF-8) MARC (Unicode/UTF-8, Standard) MODS (XML) RIS
  • More searches
    Search for this title in:
    Other Libraries (WorldCat) Other Databases (Google Scholar) Online Stores (Bookfinder.com) Open Library (openlibrary.org)

Exporting to Dublin Core...

SOUTHVILLE LIBRARY

Southville International School and Colleges Library

1281 Tropical Ave. Cor. Luxembourg St., BF Homes International, Las Pinas City

Tel. No. 8256374 / 252358 Loc. 117/146

Powered by Koha